00968nam a2200217 4500003000400000005001700004008004100021040001800062050002000080100004100100245018300141264002500324300001800349336002200367337002400389338002400413500022200437650002800659650004300687700002000730OSt20260530115304.0260420b1984 mx a|||| |||| 00| 0 spa d aICIbspacICI aTA166bE58 19841 aPosgrado en Diseño Industrial UNAM10aLa enseñanza de la ergonomía en México:bRelación entre ergonomía y diseno gráfico e industrial, UNAM Posgrado en Diseño Industrial México, D.F. 13 y 14 sep. 1984 1bUNAMc1984aMéxico a180 páginas atexto2rdacontent asin medio2rdamedia avolumen2rdacarrier aMemoria del evento "la ensenanza de la ergonomia en México / relacion entre ergonomia y diseno grafico e industrial" primer encuentro nacional de los profesores de ergonomia de las varias escuelas de diseno del pais a ErgonomíavCongresos aDiseño industrialvCongresoszMexico aFontoura, Ivens